000
00280nam a2200121Ia 4500
005
20251222143116.0
008
251222s9999||||xx |||||||||||||| ||spa||
020
_a
84-320-8223-6
082
_a
813.54/K16
100
_a
"Kahn, James"
245
0
_a
El retorno del Jedi
942
_c
LIB
999
_c
11355
_d
11355